000 00319nam a22001457a 4500
003 SGT
020 _a978-93-86554-68-0
082 _a610.14
_bA18V
100 _aVIDYANATH,R
245 _aAYURVEDIC TERMINOLOGY
260 _aVARANASI
_bCHAUKHAMBA PUB
_c2018
300 _a242
650 _aAYURVEDA
942 _2ddc
_cBK
_07
999 _c16599
_d16599